Pearson Custom Business Resources. (Record no. 4011)
[ view plain ]
| 005 - DATE AND TIME OF LATEST TRANSACTION | |
|---|---|
| control field | 20250701062444.0 |
| 020 ## - INTERNATIONAL STANDARD BOOK NUMBER | |
| International Standard Book Number | 978-0-558-90379-4 |
| 082 ## - DEWEY DECIMAL CLASSIFICATION NUMBER | |
| Classification number | LECT 658.5 PEA |
| 100 ## - MAIN ENTRY--PERSONAL NAME | |
| Author name | PEARSON LEARNING SOLUTIONS. |
| 245 ## - TITLE STATEMENT | |
| Title | Pearson Custom Business Resources. |
| 260 ## - PUBLICATION, DISTRIBUTION, ETC. | |
| Place of publication, distribution, etc. | New York, |
| Name of publisher, distributor, etc. | Pearson Learning Solutions, |
| Date of publication, distribution, etc. | 2011. |
| 300 ## - PHYSICAL DESCRIPTION | |
| Extent | 492p.: ill.; figure, picture, table |
| Other physical details | Glossary & Index |
| Dimensions | 27cm |
| 856 ## - ELECTRONIC LOCATION AND ACCESS | |
| Link text | Access Online Book |
| Electronic name | Custom Business Resources |
| Path | www.pearsoncustom.com. |
| 942 ## - ADDED ENTRY ELEMENTS (KOHA) | |
| Source of classification or shelving scheme | Dewey Decimal Classification |
| Koha item type | Books |
| Date last seen | Total checkouts | Full call number | Barcode | Cost, replacement price | Price effective from | Koha item type | Lost status | Source of classification or shelving scheme | Damaged status | Not for loan | Withdrawn status | Home library | Current library | Shelving location | Date acquired | Cost, normal purchase price | Source of acquisition |
|---|---|---|---|---|---|---|---|---|---|---|---|---|---|---|---|---|---|
| 06/30/2025 | LECT 658.5 PEA | DOM0004567 | 144000.00 | 06/13/2025 | Books | Dewey Decimal Classification | CBE Dodoma | CBE Dodoma | General Collection | 11/28/2014 | 48000.00 | Library budget | |||||
| 06/13/2025 | LECT 658.5 PEA | 00000012987 | 144000.00 | 06/13/2025 | Books | Dewey Decimal Classification | College of Business Education Main Library | College of Business Education Main Library | General Collection | 11/28/2014 | 48000.00 |
